000 00457nam a2200121Ia 4500
008 171212s9999 xx 000 0 und d
020 _a9780833088062
100 _aStecher, Brian M.;Hamilton, Laura S.
245 _cStecher, Brian M.;Hamilton, Laura S.
_aMeasuring Hard-to-Measure Student Competencies
_bA Research and Development Plan
260 _bRAND Corporation
_c2014
650 _aEducation
856 _uhttp://www.jstor.org/stable/10.7249/j.ctt14bs1kh
999 _c352308
_d352308